[Event "GER-chT Seniors 16th"]
[Site "Halle"]
[Date "2007.09.18"]
[Round "6.1"]
[White "Weber, Bernd"]
[Black "Delander, Adolf"]
[Result "1/2-1/2"]
[WhiteElo "2110"]
[BlackElo "2072"]
[PlyCount "45"]
[EventDate "2007.09.13"]
[EventType "team-tourn"]
[EventRounds "7"]
[EventCountry "GER"]
[SourceTitle "EXT 2008"]
[Source "ChessBase"]
[SourceDate "2007.11.25"]
[SourceVersion "1"]
[SourceVersionDate "2007.11.25"]
[SourceQuality "1"]

1. d4 d5 2. Nf3 Nf6 3. g3 g6 4. Bg2 Bg7 5. 0-0 0-0 6. Nbd2 Nbd7 7. Re1 c5 8. c3 cxd4 9. Nxd4 Nb6 10. e4 dxe4 11. Nxe4 Nxe4 12. Bxe4 e5 13. Nb3 Qc7 14. Qe2 Be6 15. Bg2 Nc4 16. Be3 Rfd8 17. Rad1 b6 18. Bg5 f6 19. Bc1 Bf7 20. f4 Rxd1 21. Rxd1 Rd8 22. fxe5 fxe5 23. h3 1/2-1/2

[Event "GER-chT Seniors 16th"]
[Site "Halle"]
[Date "2007.09.17"]
[Round "5.1"]
[White "Braun, Gottfried"]
[Black "Delander, Adolf"]
[Result "1-0"]
[WhiteElo "2315"]
[BlackElo "2072"]
[PlyCount "71"]
[EventDate "2007.09.13"]
[EventType "team-tourn"]
[EventRounds "7"]
[EventCountry "GER"]
[SourceTitle "EXT 2008"]
[Source "ChessBase"]
[SourceDate "2007.11.25"]
[SourceVersion "1"]
[SourceVersionDate "2007.11.25"]
[SourceQuality "1"]

1. e4 c6 2. d4 d5 3. exd5 cxd5 4. c4 Nf6 5. Nc3 g6 6. Nf3 Bg7 7. h3 0-0 8. Be2 dxc4 9. Bxc4 Nbd7 10. 0-0 Nb6 11. Bb3 Nbd5 12. Re1 e6 13. Bg5 Ne7 14. Qe2 h6 15. Bf4 Nfd5 16. Be5 Nxc3 17. bxc3 Nc6 18. Bxg7 Kxg7 19. Rad1 Qc7 20. Qe3 Bd7 21. h4 Ne7 22. h5 Bc6 23. hxg6 Bxf3 24. Qxf3 Nxg6 25. c4 Rad8 26. Re4 Rd7 27. Rg4 Qd8 28. Qg3 Qe8 29. Ba4 Qe7 30. Bxd7 Qxd7 31. d5 exd5 32. Rxd5 Qe6 33. Rd6 Qe1+ 34. Kh2 Re8 35. Rgxg6+ fxg6 36. Qxg6+ 1-0

[Event "GER-ch Seniors Gp-A 19th"]
[Site "Templin"]
[Date "2007.08.31"]
[Round "9"]
[White "Delander, Adolf"]
[Black "Reimann, Guenther"]
[Result "1/2-1/2"]
[WhiteElo "1896"]
[BlackElo "1799"]
[PlyCount "72"]
[EventDate "2007.08.23"]
[EventType "swiss"]
[EventRounds "9"]
[EventCountry "GER"]
[SourceTitle "EXT 2022"]
[Source "ChessBase"]
[SourceDate "2021.10.06"]
[SourceVersion "1"]
[SourceVersionDate "2021.10.06"]
[SourceQuality "1"]

1. d4 Nf6 2. c4 e6 3. Nf3 Bb4+ 4. Bd2 Qe7 5. g3 b6 6. Bg2 Bb7 7. 0-0 Bxd2 8. Qxd2 d6 9. Nc3 Ne4 10. Nxe4 Bxe4 11. Rfd1 Nd7 12. Ne1 Bxg2 13. Nxg2 Nf6 14. f3 e5 15. dxe5 Qxe5 16. Qe3 Qxe3+ 17. Nxe3 0-0 18. Nd5 Nxd5 19. cxd5 Rfe8 20. Kf2 Re7 21. Rac1 f5 22. Rd4 Rae8 23. Rc2 Kf8 24. e4 fxe4 25. Rxe4 Rxe4 26. fxe4 Rxe4 27. Rxc7 Re7 28. Rc6 Rd7 29. Ke3 Ke7 30. Rc4 Rd8 31. Re4+ Kd7 32. a4 Rf8 33. b4 Rf6 34. b5 Rf1 35. h4 Re1+ 36. Kd4 Rd1+ 1/2-1/2

[Event "EU-ch Seniors 07th"]
[Site "Hockenheim"]
[Date "2007.06.10"]
[Round "9"]
[White "Minz, Michail"]
[Black "Delander, Adolf"]
[Result "1/2-1/2"]
[WhiteElo "2159"]
[BlackElo "2075"]
[PlyCount "20"]
[EventDate "2007.06.02"]
[EventType "swiss"]
[EventRounds "9"]
[EventCountry "GER"]
[SourceTitle "CBM 118 Extra"]
[Source "ChessBase"]
[SourceDate "2007.07.04"]
[SourceVersion "1"]
[SourceVersionDate "2007.07.04"]
[SourceQuality "1"]

1. e4 c6 2. d4 d5 3. exd5 cxd5 4. Bd3 Nc6 5. c3 g6 6. Bf4 Bg7 7. Nf3 Nh6 8. 0-0 0-0 9. Re1 f6 10. Nbd2 Nf7 1/2-1/2

[Event "EU-ch Seniors 07th"]
[Site "Hockenheim"]
[Date "2007.06.08"]
[Round "7"]
[White "Sorokina, Tamara"]
[Black "Delander, Adolf"]
[Result "1/2-1/2"]
[WhiteElo "2145"]
[BlackElo "2075"]
[PlyCount "128"]
[EventDate "2007.06.02"]
[EventType "swiss"]
[EventRounds "9"]
[EventCountry "GER"]
[SourceTitle "CBM 118 Extra"]
[Source "ChessBase"]
[SourceDate "2007.07.04"]
[SourceVersion "1"]
[SourceVersionDate "2007.07.04"]
[SourceQuality "1"]

1. Nf3 d5 2. b3 Nf6 3. Bb2 Nbd7 4. g3 g6 5. Bg2 Bg7 6. d3 0-0 7. Nbd2 c6 8. c4 Re8 9. 0-0 e5 10. e3 b6 11. Qc2 Bb7 12. Rad1 Rc8 13. e4 d4 14. b4 c5 15. a3 Qc7 16. Nb3 Ra8 17. Bc1 a5 18. b5 Rf8 19. Bg5 Kh8 20. Qd2 Ng8 21. g4 Rfe8 22. h3 Nf8 23. Bh4 Ne6 24. Bg3 f6 25. Nc1 Bh6 26. Qe1 Bf4 27. Nh4 Bxg3 28. fxg3 Rf8 29. Qd2 Kg7 30. Rf2 Rf7 31. Rdf1 Raf8 32. Ne2 Bc8 33. Kh2 Ng5 34. Ng1 h6 35. Qe2 Be6 36. Bh1 Ne7 37. Bg2 Nh7 38. Bf3 Qd7 39. Bg2 Ng5 40. Nf5+ gxf5 41. gxf5 Bxc4 42. dxc4 Rh8 43. h4 Nh7 44. Qd3 Kf8 45. Nh3 Ke8 46. Bf3 Kd8 47. Bh5 Rg7 48. Rg2 Nc8 49. Nf2 Nf8 50. Ng4 Qe7 51. Ne3 Qd6 52. Ng4 Qe7 53. Qd2 Nd6 54. Qe2 Kc8 55. Nf2 Kb8 56. g4 Nd7 57. Nh3 Qf8 58. Bg6 Qg8 59. Rc1 Nf8 60. h5 Nh7 61. Qd3 Ng5 62. Nf2 Kc7 63. Rgg1 Qa8 64. Rge1 Re7 1/2-1/2

[Event "EU-ch Seniors 07th"]
[Site "Hockenheim"]
[Date "2007.06.07"]
[Round "6"]
[White "Delander, Adolf"]
[Black "Gonzalo Gonzalez, Francisco"]
[Result "1-0"]
[WhiteElo "2075"]
[BlackElo "1914"]
[PlyCount "69"]
[EventDate "2007.06.02"]
[EventType "swiss"]
[EventRounds "9"]
[EventCountry "GER"]
[SourceTitle "CBM 118 Extra"]
[Source "ChessBase"]
[SourceDate "2007.07.04"]
[SourceVersion "1"]
[SourceVersionDate "2007.07.04"]
[SourceQuality "1"]

1. Nf3 c5 2. c4 Nc6 3. Nc3 g6 4. d3 Bg7 5. g3 Nf6 6. Bg2 d6 7. 0-0 0-0 8. a3 Bg4 9. Rb1 Qd7 10. b4 cxb4 11. axb4 Bh3 12. e4 Bxg2 13. Kxg2 Qg4 14. h3 Qd7 15. Qc2 Nh5 16. g4 Nf6 17. Bf4 Rad8 18. Bg3 Ne5 19. Nh2 Nc6 20. Ne2 h5 21. b5 Ne5 22. g5 Nfg4 23. hxg4 hxg4 24. Ng1 f5 25. f4 gxf3+ 26. Ngxf3 fxe4 27. dxe4 Rc8 28. Nxe5 dxe5 29. Rxf8+ Rxf8 30. Rd1 Qc7 31. c5 Rc8 32. Qc4+ Kh7 33. Nf3 e6 34. Qxe6 Bf8 35. Rh1+ 1-0

[Event "EU-ch Seniors 07th"]
[Site "Hockenheim"]
[Date "2007.06.06"]
[Round "5"]
[White "Smits, Oswald"]
[Black "Delander, Adolf"]
[Result "1/2-1/2"]
[WhiteElo "1894"]
[BlackElo "2075"]
[PlyCount "30"]
[EventDate "2007.06.02"]
[EventType "swiss"]
[EventRounds "9"]
[EventCountry "GER"]
[SourceTitle "CBM 118 Extra"]
[Source "ChessBase"]
[SourceDate "2007.07.04"]
[SourceVersion "1"]
[SourceVersionDate "2007.07.04"]
[SourceQuality "1"]

1. d4 d5 2. c4 c6 3. Nc3 Nf6 4. Nf3 dxc4 5. a4 Bf5 6. e3 e6 7. Bxc4 Nbd7 8. 0-0 Bb4 9. Bd3 Bxd3 10. Qxd3 0-0 11. Na2 Bd6 12. Qc2 Qe7 13. Bd2 e5 14. dxe5 Nxe5 15. Nd4 Rfd8 1/2-1/2

[Event "EU-ch Seniors 07th"]
[Site "Hockenheim"]
[Date "2007.06.03"]
[Round "2"]
[White "Delander, Adolf"]
[Black "Schwichtenberg, Juergen"]
[Result "1/2-1/2"]
[WhiteElo "2075"]
[BlackElo "1911"]
[PlyCount "31"]
[EventDate "2007.06.02"]
[EventType "swiss"]
[EventRounds "9"]
[EventCountry "GER"]
[SourceTitle "CBM 118 Extra"]
[Source "ChessBase"]
[SourceDate "2007.07.04"]
[SourceVersion "1"]
[SourceVersionDate "2007.07.04"]
[SourceQuality "1"]

1. d4 Nf6 2. Nf3 d5 3. e3 Bg4 4. Be2 e6 5. 0-0 Be7 6. Nbd2 0-0 7. c4 c5 8. dxc5 Bxc5 9. cxd5 Nxd5 10. Nb3 Be7 11. Bd2 Nd7 12. e4 N5f6 13. Nfd4 Bxe2 14. Qxe2 Nc5 15. Nxc5 Bxc5 16. Nb3 1/2-1/2

[Event "Bad Woerishofen Seniors opA 23rd"]
[Site "Bad Woerishofen"]
[Date "2007.03.11"]
[Round "4"]
[White "Zohr, Adelbert"]
[Black "Delander, Adolf"]
[Result "1/2-1/2"]
[WhiteElo "1857"]
[BlackElo "1886"]
[PlyCount "44"]
[EventDate "2007.03.08"]
[EventType "swiss"]
[EventRounds "9"]
[EventCountry "GER"]
[SourceTitle "EXT 2022"]
[Source "ChessBase"]
[SourceDate "2021.10.06"]
[SourceVersion "1"]
[SourceVersionDate "2021.10.06"]
[SourceQuality "1"]

1. c4 c6 2. Nc3 d5 3. cxd5 cxd5 4. d4 Nf6 5. Bf4 e6 6. e3 Bd6 7. Bxd6 Qxd6 8. Nf3 Nc6 9. a3 0-0 10. Bd3 e5 11. dxe5 Nxe5 12. Be2 Be6 13. 0-0 Rfd8 14. Nb5 Nxf3+ 15. Bxf3 Qb6 16. Qe2 Bf5 17. Rfd1 Be4 18. Rd2 Bxf3 19. gxf3 a6 20. Nc3 d4 21. exd4 Rxd4 22. Qe3 Rd6 1/2-1/2

[Event "GER-chT Seniors 15th"]
[Site "Bad Blankenburg"]
[Date "2006.09.07"]
[Round "5.4"]
[White "Niebling, Ferdinand"]
[Black "Delander, Adolf"]
[Result "1/2-1/2"]
[WhiteElo "2201"]
[BlackElo "2102"]
[PlyCount "53"]
[EventDate "2006.09.03"]
[EventType "team-swiss"]
[EventRounds "7"]
[EventCountry "GER"]
[SourceTitle "CBM 114 Extra"]
[Source "ChessBase"]
[SourceDate "2006.11.03"]
[SourceVersion "1"]
[SourceVersionDate "2006.11.03"]
[SourceQuality "1"]

1. d4 d5 2. c4 c6 3. Nf3 Nf6 4. Nc3 dxc4 5. a4 Bf5 6. e3 e6 7. Bxc4 Nbd7 8. Qe2 Be7 9. 0-0 0-0 10. e4 Bg4 11. Be3 Qa5 12. h3 Bxf3 13. Qxf3 Rfe8 14. Rfd1 Nf8 15. Qe2 Qh5 16. Qxh5 Nxh5 17. d5 exd5 18. exd5 Nf6 19. dxc6 bxc6 20. Ba6 Rab8 21. Rd2 Ne6 22. Bc4 a5 23. Bxe6 fxe6 24. Bf4 Rb7 25. Re1 Bb4 26. Be5 Kf7 27. Red1 1/2-1/2

[Event "GER-chT Seniors 15th"]
[Site "Bad Blankenburg"]
[Date "2006.09.04"]
[Round "2.4"]
[White "Delander, Adolf"]
[Black "Schroeder, Christian"]
[Result "1/2-1/2"]
[WhiteElo "2102"]
[BlackElo "2029"]
[PlyCount "23"]
[EventDate "2006.09.03"]
[EventType "team-swiss"]
[EventRounds "7"]
[EventCountry "GER"]
[SourceTitle "CBM 114 Extra"]
[Source "ChessBase"]
[SourceDate "2006.11.03"]
[SourceVersion "1"]
[SourceVersionDate "2006.11.03"]
[SourceQuality "1"]

1. d4 d5 2. Nf3 c6 3. Nbd2 Nf6 4. e3 Bg4 5. c4 e6 6. Qb3 Qb6 7. Ne5 Bh5 8. Bd3 Qxb3 9. Nxb3 Bd6 10. f4 Nbd7 11. 0-0 Bg6 12. Be2 1/2-1/2

[Event "Bad Wildungen Seniors op 3rd"]
[Site "Bad Wildungen"]
[Date "2006.08.04"]
[Round "5"]
[White "Giering, Helmut"]
[Black "Delander, Adolf"]
[Result "1/2-1/2"]
[WhiteElo "1738"]
[BlackElo "1908"]
[PlyCount "30"]
[EventDate "2006.07.31"]
[EventType "swiss"]
[EventRounds "9"]
[EventCountry "GER"]
[SourceTitle "EXT 2007"]
[Source "ChessBase"]
[SourceDate "2006.11.23"]
[SourceVersion "1"]
[SourceVersionDate "2006.11.23"]
[SourceQuality "1"]

1. Nf3 d5 2. g3 Nf6 3. Bg2 g6 4. 0-0 Bg7 5. d4 0-0 6. Nbd2 c6 7. c4 Nbd7 8. b3 Nb6 9. c5 Nbd7 10. Bb2 Re8 11. b4 Nh5 12. Ne5 f6 13. Nxd7 Qxd7 14. f4 f5 15. Nf3 Nf6 1/2-1/2

[Event "Bad Wildungen Seniors op 3rd"]
[Site "Bad Wildungen"]
[Date "2006.08.02"]
[Round "3"]
[White "Juergens, Helmut"]
[Black "Delander, Adolf"]
[Result "0-1"]
[WhiteElo "1573"]
[BlackElo "1908"]
[PlyCount "64"]
[EventDate "2006.07.31"]
[EventType "swiss"]
[EventRounds "9"]
[EventCountry "GER"]
[SourceTitle "EXT 2007"]
[Source "ChessBase"]
[SourceDate "2006.11.23"]
[SourceVersion "1"]
[SourceVersionDate "2006.11.23"]
[SourceQuality "1"]

1. d4 d5 2. Nf3 Nf6 3. Bg5 Nbd7 4. e3 e6 5. Nbd2 Be7 6. c3 0-0 7. Bd3 b6 8. 0-0 Bb7 9. Ne5 Ne4 10. Bxe7 Qxe7 11. f3 Nxd2 12. Qxd2 Rad8 13. f4 f5 14. Rf3 c5 15. Qf2 c4 16. Be2 Nxe5 17. fxe5 Bc6 18. Rg3 Kh8 19. Qf4 Rg8 20. Rh3 g5 21. Qf2 Rdf8 22. Rf1 Be8 23. Kh1 Bg6 24. Bd1 Kg7 25. Bc2 Rf7 26. Kg1 Rgf8 27. Rf3 b5 28. a3 a5 29. Qg3 f4 30. Qf2 Be4 31. Bxe4 dxe4 32. Rh3 fxe3 0-1

[Event "Bad Wildungen Seniors op 3rd"]
[Site "Bad Wildungen"]
[Date "2006.08.01"]
[Round "2"]
[White "Stier, Uwe"]
[Black "Delander, Adolf"]
[Result "1/2-1/2"]
[WhiteElo "1654"]
[BlackElo "1908"]
[PlyCount "29"]
[EventDate "2006.07.31"]
[EventType "swiss"]
[EventRounds "9"]
[EventCountry "GER"]
[SourceTitle "EXT 2007"]
[Source "ChessBase"]
[SourceDate "2006.11.23"]
[SourceVersion "1"]
[SourceVersionDate "2006.11.23"]
[SourceQuality "1"]

1. f4 d5 2. Nf3 Nf6 3. e3 Bg4 4. Be2 Bxf3 5. Bxf3 c6 6. b3 Nbd7 7. Bb2 Qc7 8. d3 e6 9. Nd2 Bc5 10. Qe2 0-0-0 11. d4 Be7 12. Rc1 Kb8 13. c4 Bb4 14. a3 Bxd2+ 15. Qxd2 1/2-1/2

[Event "Bad Woerishofen Seniors opA 22th"]
[Site "Bad Woerishofen"]
[Date "2006.03.19"]
[Round "3"]
[White "Blutharsch, Walter"]
[Black "Delander, Adolf"]
[Result "1/2-1/2"]
[WhiteElo "1768"]
[BlackElo "1914"]
[PlyCount "46"]
[EventDate "2006.03.17"]
[EventType "swiss"]
[EventRounds "9"]
[EventCountry "GER"]
[SourceTitle "EXT 2022"]
[Source "ChessBase"]
[SourceDate "2021.10.06"]
[SourceVersion "1"]
[SourceVersionDate "2021.10.06"]
[SourceQuality "1"]

1. e4 c6 2. d4 d5 3. e5 Bf5 4. Bd3 Bxd3 5. Qxd3 e6 6. Ne2 Nd7 7. Be3 c5 8. c3 Ne7 9. Ng3 Qb6 10. Qe2 Nc6 11. Qd2 Qa6 12. Ne2 Na5 13. Qd1 Nc4 14. Bc1 Be7 15. 0-0 0-0 16. Qd3 cxd4 17. cxd4 Qb6 18. b3 Na5 19. Bd2 Nc6 20. Kh1 Rac8 21. f4 f5 22. Nbc3 Nb4 23. Qh3 g6 1/2-1/2

[Event "GER-chT Seniors 14th"]
[Site "Sottrum"]
[Date "2005.09.21"]
[Round "4"]
[White "Delander, Adolf"]
[Black "Haakert, Juergen"]
[Result "0-1"]
[WhiteElo "2156"]
[BlackElo "2402"]
[PlyCount "116"]
[EventDate "2005.09.18"]
[EventType "team-swiss"]
[EventRounds "7"]
[EventCountry "GER"]
[SourceTitle "CBM 108 Extra"]
[Source "ChessBase"]
[SourceDate "2005.11.04"]
[SourceVersion "1"]
[SourceVersionDate "2005.11.04"]
[SourceQuality "1"]

1. d4 Nf6 2. Nf3 e6 3. c4 c5 4. e3 g6 5. Nbd2 b6 6. Be2 Bb7 7. 0-0 Bg7 8. b3 0-0 9. Bb2 Qe7 10. Qc2 d6 11. Rfe1 Nbd7 12. e4 cxd4 13. Nxd4 a6 14. Bf3 Rfc8 15. Rad1 g5 16. g3 Ne5 17. Qb1 h5 18. Bg2 g4 19. f4 gxf3 20. N2xf3 Ng6 21. Rd2 Bh6 22. Rde2 Ng4 23. h3 N4e5 24. Nxe5 dxe5 25. Nf3 h4 26. Kh1 Rc5 27. Ba3 hxg3 28. Bxc5 bxc5 29. Rd1 Bc6 30. Qc2 Rf8 31. Rf1 Qb7 32. Kg1 Bf4 33. Rfe1 Kg7 34. Qc3 Kh6 35. Nd2 Nh4 36. Nf3 Ng6 37. Nd2 f5 38. exf5 exf5 39. Bxc6 Qxc6 40. Nf3 e4 41. Nd2 Be5 42. Qe3+ Kh5 43. Kf1 Qd6 44. Rg2 Bf4 45. Qe2+ Kh6 46. Kg1 Nh4 47. Nxe4 Qd4+ 48. Kh1 Re8 49. Nxg3 Rxe2 50. Rexe2 Qd6 51. Re8 Bxg3 52. Rh8+ Kg5 53. Rg8+ Ng6 54. h4+ Kf6 55. h5 Qd1+ 56. Rg1 Qxh5+ 57. Kg2 Qh2+ 58. Kf3 Qf2# 0-1

[Event "Bad Woerishofen Seniors op 21st"]
[Site "Bad Woerishofen"]
[Date "2005.03.09"]
[Round "7"]
[White "Delander, Adolf"]
[Black "Reimann, Guenther"]
[Result "1-0"]
[WhiteElo "2030"]
[BlackElo "2071"]
[PlyCount "57"]
[EventDate "2005.03.03"]
[EventType "swiss"]
[EventRounds "9"]
[EventCountry "GER"]
[SourceTitle "EXT 2006"]
[Source "ChessBase"]
[SourceDate "2005.11.24"]
[SourceVersion "1"]
[SourceVersionDate "2005.11.24"]
[SourceQuality "1"]

1. d4 e6 2. Nf3 f5 3. g3 Nf6 4. Bg2 c6 5. c4 Be7 6. 0-0 Na6 7. Nc3 0-0 8. d5 cxd5 9. cxd5 d6 10. dxe6 Nc5 11. Nd4 g6 12. b4 Nce4 13. Qb3 Nxc3 14. Qxc3 Re8 15. Bb2 a6 16. h3 h6 17. g4 fxg4 18. hxg4 Kh7 19. Bf3 Rg8 20. Rac1 d5 21. Kg2 Qd6 22. Rh1 Bxe6 23. Qe3 Nh5 24. Nxe6 Qxe6 25. Qxe6 Nf4+ 26. Kf1 Nxe6 27. Bxd5 Bg5 28. Bxe6 Rge8 29. Rc7+ 1-0

[Event "EU-ch Seniors 05th"]
[Site "Bad Homburg"]
[Date "2005.??.??"]
[Round "2"]
[White "Delander, Adolf"]
[Black "Bukal, Vladimir Sr"]
[Result "0-1"]
[WhiteElo "2157"]
[BlackElo "2422"]
[PlyCount "94"]
[EventDate "2005.06.25"]
[EventType "swiss"]
[EventRounds "9"]
[EventCountry "GER"]
[SourceTitle "EXT 2006"]
[Source "ChessBase"]
[SourceDate "2005.11.24"]
[SourceVersion "1"]
[SourceVersionDate "2005.11.24"]
[SourceQuality "1"]

1. d4 d5 2. Nf3 Nf6 3. c4 c6 4. e3 a6 5. Nbd2 Bf5 6. Be2 h6 7. Ne5 e6 8. 0-0 Nbd7 9. Ndf3 Bd6 10. Nxd7 Qxd7 11. b3 0-0 12. Bb2 Rfd8 13. h3 Qe7 14. Qc1 Rac8 15. a4 c5 16. Rd1 cxd4 17. exd4 dxc4 18. bxc4 Nd5 19. Ba3 Bxa3 20. Qxa3 Nb4 21. a5 Rc7 22. Rac1 Nc6 23. Qb2 Qb4 24. Qxb4 Nxb4 25. Rc3 Nc6 26. d5 Nxa5 27. Nd4 Rxd5 28. cxd5 Rxc3 29. d6 Rc8 30. Nxf5 exf5 31. Rd5 Nc6 32. Rc5 Ra8 33. d7 Kf8 34. Bxa6 Rxa6 35. Rxc6 Ke7 36. Rc7 Rb6 37. d8Q+ Kxd8 38. Rxf7 g6 39. h4 h5 40. g3 Kc8 41. Re7 Ra6 42. Kf1 b5 43. Re5 Rb6 44. Re3 b4 45. Rb3 Kc7 46. Ke2 Kc6 47. Kd3 Kb5 0-1